Oceanian Geography By Letter H - Picture Quiz - Statistics

General Stats
  • This quiz has been taken 226 times
  • The average score is 3 of 9
Answer Stats
Picture Hint Answer % Correct
(capital) Honiara
77%
(ştate) Hawaii
69%
(city) Hobart
58%
(city) Honolulu
29%
(region) {Hawke}'s Bay
22%
(official language) Hiri Motu
19%
(animal) {Hector}'s Dolphin
5%
{Hunter} River
4%
Mount {Hagen}
4%
No matching quizzes found
Score Distribution
Percent of People with Each Score
Percentile by Number Answered
Your Score History
You have not taken this quiz